| 000 | 00535nam a2200181Ia 4500 | ||
|---|---|---|---|
| 008 | 140527s9999 xx 000 0 und d | ||
| 020 | _a9789814314350 | ||
| 050 |
_aQA 76.76.J38 _b.M295 2011 |
||
| 100 | _aMalik, D.S. | ||
| 245 |
_aJava programming : _bproblem analysis to program design / _cD.S. Malik |
||
| 250 | _aPhilippine ed. | ||
| 260 |
_aBoston, MA : _bCengage Learning, _cc2011. |
||
| 300 |
_a802 p. : _bill. ; _c23 cm. |
||
| 500 | _aIncludes appendices and index. | ||
| 521 | _aIT | ||
| 942 |
_kFOR _cBK |
||
| 999 |
_c117423 _d117423 |
||